Welcome to CU Library Online Public Access Catalogue (OPAC)

Helping our children grow in faith : (Record no. 4489)

MARC details
000 -LEADER
fixed length control field 00784cam a2200217 a 4500
001 - CONTROL NUMBER
control field 14921279
005 - DATE AND TIME OF LATEST TRANSACTION
control field 20250303152953.0
008 - FIXED-LENGTH DATA ELEMENTS--GENERAL INFORMATION
fixed length control field 070710s2008 miua b 000 0 eng
020 ## - INTERNATIONAL STANDARD BOOK NUMBER
International Standard Book Number 9780801068294 (pbk.)
020 ## - INTERNATIONAL STANDARD BOOK NUMBER
International Standard Book Number 0801068290 (pbk.)
050 00 - LIBRARY OF CONGRESS CALL NUMBER
Classification number BV639.C4
Item number K38 2008
082 00 - DEWEY DECIMAL CLASSIFICATION NUMBER
Classification number 268/.432
Edition information 22
100 1# - MAIN ENTRY--PERSONAL NAME
Personal name Keeley, Robert J.,
Dates associated with a name 1954-
245 10 - TITLE STATEMENT
Title Helping our children grow in faith :
Remainder of title how the church can nurture the spiritual development of kids /
Statement of responsibility, etc. Robert J. Keeley.
260 ## - PUBLICATION, DISTRIBUTION, ETC.
Place of publication, distribution, etc. Grand Rapids, Mich. :
Name of publisher, distributor, etc. Baker Books,
Date of publication, distribution, etc. c2008.
300 ## - PHYSICAL DESCRIPTION
Extent 156 p. :
Other physical details ill. ;
Dimensions 22 cm.
650 #0 - SUBJECT ADDED ENTRY--TOPICAL TERM
Topical term or geographic name entry element Church work with children.
650 #0 - SUBJECT ADDED ENTRY--TOPICAL TERM
Topical term or geographic name entry element Christian education of children.
856 41 - ELECTRONIC LOCATION AND ACCESS
Materials specified Table of contents only
Uniform Resource Identifier <a href="http://www.loc.gov/catdir/toc/ecip0722/2007028369.html">http://www.loc.gov/catdir/toc/ecip0722/2007028369.html</a>
942 ## - ADDED ENTRY ELEMENTS (KOHA)
Source of classification or shelving scheme Library of Congress Classification
Koha item type Books
Suppress in OPAC No
999 ## -
-- 4489
-- 4489
Holdings
Withdrawn status Lost status Source of classification or shelving scheme Damaged status Not for loan Collection Home library Current library Shelving location Date acquired Total checkouts Full call number Barcode Date last seen Copy number Price effective from Koha item type
    Library of Congress Classification     Non-fiction Graduate Library (Christ Temple) Graduate Library (Christ Temple) General stacks 03/03/2025   BV 639.C4 KEE GSCT00000582 03/03/2025 1 03/03/2025 Books
    Library of Congress Classification     Non-fiction Graduate Library (Christ Temple) Graduate Library (Christ Temple) General stacks 03/17/2025   BV 639.C4K38 GSCT00000632 03/17/2025 2 03/17/2025 Books
© 2023-2024 Copyright: Central University Libraries. All Rights Reserved | Created by: Mahone Tech Office